Calculus - Metric Version 9E (Ninth Edition): Early Transcendentals /

Guardado en:
Detalles Bibliográficos
Autores principales: Stewart, James (Autor), Clegg, Daniel (Autor), Watson, Saleem (Autor)
Formato: Libro
Lenguaje:inglés
Publicado: Beijing: CENGAGE Learning Custom Publishing, 2020
Edición:9. vyd.
Materias:
Etiquetas: Agregar Etiqueta
Sin Etiquetas, Sea el primero en etiquetar este registro!

MARC

LEADER 00000nam a22000003a 4500
001 0090540
003 SK-STU
005 20210929094850.0
007 ta
008 210929s ----xo-----e------000-0-----d
020 |a 978-0-357-11351-6 
040 |a STU  |b slo 
041 0 |a eng  |h eng 
044 |a ch 
100 1 |a Stewart, James  |4 aut  |r Z6 
245 1 0 |a Calculus - Metric Version 9E (Ninth Edition):  |b Early Transcendentals /  |c aut. James Stewart, Daniel Clegg, Saleem Watson 
250 |a 9. vyd. 
260 |a Beijing:  |b CENGAGE Learning Custom Publishing,  |c 2020 
300 |a 1408 s. 
650 0 7 |a integration 
650 0 7 |a equations 
650 0 7 |a sequences 
650 0 7 |a vector 
650 0 7 |a vector spaces 
700 1 |a Clegg, Daniel  |r Z6  |4 aut 
700 1 |a Watson, Saleem  |r Z6  |4 aut 
996 |c V* 53175/O-24335  |l VV11  |s P  |a 0  |w 0090540_0001